|
|
|
|
| LEADER |
00000cam a2200000 7i4500 |
| 001 |
0000072909 |
| 005 |
20101022.0 |
| 008 |
101022 bm |
| 020 |
|
|
|a 9830341267
|
| 090 |
0 |
0 |
|a JF SIR
|
| 100 |
1 |
|
|a Ishak Haji Gedong
|
| 245 |
1 |
0 |
|a Pendeta Zaaba
|c Ishak Haji Gedong
|
| 260 |
|
|
|a Kuala Lumpur :
|b Penerbit Hartamas ,
|c 2001
|
| 300 |
|
|
|a 20p, :
|b col.ill. ;
|c 21cm.
|
| 440 |
|
0 |
|a Siri Bacaan Pengkayaan
|
| 650 |
0 |
0 |
|a Junior Fiction, Malay
|
| 999 |
|
|
|a 166951
|b Buku
|c Koleksi Pinjaman Kanak-Kanak
|e Perpustakaan Cawangan Merlimau
|
| 999 |
|
|
|a 166952
|b Buku
|c Koleksi Pinjaman Kanak-Kanak
|e Perpustakaan Cawangan Merlimau
|
| 999 |
|
|
|a 166953
|b Buku
|c Junior Fiction
|e Perpustakaan Cawangan Masjid Tanah
|
| 999 |
|
|
|a 166954
|b Buku
|c Koleksi Pinjaman Kanak-Kanak
|e Perpustakaan Cawangan Jasin
|
| 999 |
|
|
|a 166956
|b Buku
|c Koleksi Pinjaman Kanak-Kanak
|e Perbadanan Perpustakaan Awam Melaka
|
| 999 |
|
|
|a 166957
|b Buku
|c Koleksi Pinjaman Kanak-Kanak
|e Perbadanan Perpustakaan Awam Melaka
|
| 999 |
|
|
|a 166960
|b Buku
|c Koleksi Pinjaman Kanak-Kanak
|e Perbadanan Perpustakaan Awam Melaka
|
| 999 |
|
|
|a 166961
|b Buku
|c Koleksi Pinjaman Kanak-Kanak
|e Perbadanan Perpustakaan Awam Melaka
|
| 999 |
|
|
|a 166962
|b Buku
|c Koleksi Pinjaman Kanak-Kanak
|e Perbadanan Perpustakaan Awam Melaka
|
| 999 |
|
|
|a 166963
|b Buku
|c Koleksi Pinjaman Kanak-Kanak
|e Perbadanan Perpustakaan Awam Melaka
|
| 999 |
|
|
|a 166964
|b Buku
|c Koleksi Pinjaman Kanak-Kanak
|e Perbadanan Perpustakaan Awam Melaka
|
| 999 |
|
|
|a 166965
|b Buku
|c Koleksi Pinjaman Kanak-Kanak
|e Perbadanan Perpustakaan Awam Melaka
|
| 999 |
|
|
|a 166966
|b Buku
|c Koleksi Pinjaman Kanak-Kanak
|e Perbadanan Perpustakaan Awam Melaka
|
| 999 |
|
|
|a 166969
|b Buku
|c Koleksi Pinjaman Kanak-Kanak
|e Perbadanan Perpustakaan Awam Melaka
|
| 999 |
|
|
|a 166971
|b Buku
|c Koleksi Pinjaman Kanak-Kanak
|e Perbadanan Perpustakaan Awam Melaka
|